PHP 4: A beginer's guide
Gorde:
| Egile nagusia: | |
|---|---|
| Formatua: | Liburua |
| Hizkuntza: | Undetermined |
| Argitaratua: |
New York
McGraw-Hill
2001
|
| Gaiak: | |
| Etiketak: |
Etiketa erantsi
Etiketarik gabe, Izan zaitez lehena erregistro honi etiketa jartzen!
|
| Thư viện lưu trữ: | Trung tâm Học liệu Trường Đại học Cần Thơ |
|---|
| LEADER | 00535nam a2200193Ia 4500 | ||
|---|---|---|---|
| 001 | CTU_52159 | ||
| 008 | 210402s9999 xx 000 0 und d | ||
| 020 | |b 403000 | ||
| 020 | |c 29.99 | ||
| 082 | |a 005.1 | ||
| 082 | |b M123 | ||
| 100 | |a Bill McCarty | ||
| 245 | 0 | |a PHP 4: A beginer's guide | |
| 245 | 0 | |c Bill McCarty | |
| 260 | |a New York | ||
| 260 | |b McGraw-Hill | ||
| 260 | |c 2001 | ||
| 650 | |a programming languages ( electronic computers ),electronic data processing | ||
| 980 | |a Trung tâm Học liệu Trường Đại học Cần Thơ | ||